00559nam a2200181 a 45000010010000000030011000100080041000210350026000620820014000881000021001022450055001232600043001786500018002219420012002399520091002519980020003429990015003620000-8782ELIB.Books110520 1988  a(ELIB.Books)0000-8928 a221 bHin aHinson, David F. aTheology of the Old Testament (O.T Introduction 3) bQuezon City: New Day Publishers c1988 aOld Testament 2ddccBK 00102ddc4070aKBTSbKBTSd2011-05-20l0p10665r2022-01-22 00:00:00w2022-01-22yBK cbate2011-05-20 c8782d8782